Vocabulaire des sentiments et traits de personnalité en allemand - Statistiques

Statistiques générales
  • Ce quiz a été pris 23 fois
  • Le résultat moyen est 8 sur 66
Statistiques - réponses
Hint Réponse % Correct
triste traurig
54%
inquiet, anxieux ängstlich
38%
content froh
31%
en colère, méchant böse
23%
timide schüchtern
23%
ouvert d'esprit aufgeschlossen
15%
enthousiasmé (par) begeistert (von+D)
15%
modeste bescheiden
15%
inquiet, soucieux besorgt
15%
reconnaissant (envers) dankbar (+D)
15%
jaloux (de) eifersüchtig (auf+A)
15%
sensible empfindlich
15%
découragé entmutigt
15%
horrifié entsetzt
15%
déçu (par) enttäuscht (von+D)
15%
surpris, étonné erstaunt
15%
lâche feige
15%
courageux, assidu fleissig
15%
insolent frech
15%
aimable (envers) freundlich (zu+D)
15%
peureux furchtsam
15%
patient geduldig
15%
obéissant gehorsam
15%
méchant gemein
15%
opiniâtre hartnäckig
15%
serviable hilfsbereit
15%
poli höflich
15%
sans égards rücksichtslos
15%
plein d'égards, attentionné rücksichtsvoll
15%
coupable schuldig
15%
surpris überrascht
15%
mal élevé unhöflich
15%
insatisfait unzufrieden
15%
ému (par) gerührt (von+D)
8%
indifférent gleichgültig
8%
cruel grausam
8%
généreux grosszügig
8%
plein d'espoir hoffnungsvoll
8%
ridicule lächerlich
8%
insouciant leichtsinnig
8%
passionné leidenschaftlich
8%
méfiant misstrauisch
8%
envieux (de) neidisch (auf+A)
8%
curieux neugierig
8%
plein de désir/regret sehnsüchtig
8%
plein d'assurance selbstbewusst
8%
sûr de soi selbstsicher
8%
insouciant sorglos
8%
moqueur spöttisch
8%
fier (de) stolz (auf+A)
8%
ingrat undankbar
8%
désagréable unfreundlich
8%
impatient ungeduldig
8%
innocent unschuldig
8%
amoureux (de) verliebt (in+A)
8%
compréhensif verständnisvoll
8%
étonné verwundert
8%
furieux wütend
8%
responsable (de) verantwortlich (für+A)
0%
gêné, embarrassé verlegen
0%
raisonnable vernünftig
0%
désespéré verzweifelt
0%
prudent vorsichtig
0%
en colère zornig
0%
content (de) zufrieden (mit+D)
0%
confiant zuversichtlich
0%
Aucun quiz correspondant
Distribution des résultats
% des personnes avec chaque résultat
Percentile par nombre de réponses
Votre historique - résultats
Vous n’avez pas pris ce quiz